| 000 | 00326cam a22001097a 4500 | ||
|---|---|---|---|
| 008 | 180718b1972 xxu||||| |||| 00| 0 eng d | ||
| 082 | _aT000x54 In2in | ||
| 100 | _aSen, Lalit K. | ||
| 245 |
_aIntegrated area planning concepts and methods _cby Lalit K.Sen |
||
| 260 |
_aNew Delhi _bDepartment Of Personnel _c1972 |
||
| 300 | _a100p. | ||
| 999 |
_c496767 _d496767 |
||